000 00489cam a2200145 4500500
005 20251012032550.0
041 _afre
042 _adc
100 1 0 _aEliot, T. S.
_eauthor
245 0 0 _aThe hollow men. A penny for the old Guy (V)/Les hommes creux. Un penny pour le vieux Guy (V)
260 _c2005.
500 _a39
786 0 _nSigila | 16 | 2 | 2005-12-20 | p. 206-207 | 1286-1715
856 4 1 _uhttps://shs.cairn.info/revue-sigila-2005-2-page-206?lang=fr&redirect-ssocas=7080
999 _c1547665
_d1547665